| 000 | 00918cam a22002895a 4500 | ||
|---|---|---|---|
| 001 | 17478091 | ||
| 005 | 20171026144441.0 | ||
| 008 | 120927t2013 nyu frb f001 0 eng d | ||
| 020 | _a9780801450952 (cloth : alk. paper) | ||
| 020 | _a9780801477706 (pbk. : alk. paper) | ||
| 040 |
_aNIC/DLC _beng _cNIC _dDLC _dEG-ScBUE _dEG-ScBUE |
||
| 082 | 0 | 4 |
_a323 _bDON _222 |
| 100 | 1 |
_aDonnelly, Jack. _932873 |
|
| 245 | 1 | 0 |
_aUniversal human rights in theory and practice / _cJack Donnelly. |
| 250 | _a3rd ed. | ||
| 260 |
_aIthaca ; _aLondon : _bCornell University Press, _cc.2013. |
||
| 300 |
_ax, 320 p. ; _c23 cm. |
||
| 500 | _aIndex : p. 317-320. | ||
| 504 | _aBibliography : p. 293-315. | ||
| 650 | 7 |
_aCivil rights. _2BUEsh |
|
| 650 | 7 |
_aHuman rights. _2BUEsh |
|
| 650 | 7 |
_aCultural relativism. _2BUEsh |
|
| 651 | _2BUEsh | ||
| 653 |
_bBUSBOL _cOctober2015 _cOctober2017 |
||
| 655 |
_vText book _933728 |
||
| 942 | _2ddc | ||
| 999 |
_c20960 _d20932 |
||